Normal view
MARC view
- Sun, Yue.
Entry Personal Name
001 - CONTROL NUMBER
- control field: 53979
003 - CONTROL NUMBER IDENTIFIER
- control field: OSt
005 - DATE AND TIME OF LATEST TRANSACTION
- control field: 20240305081011.0
008 - FIXED-LENGTH DATA ELEMENTS
- fixed length control field: 240305|| aca||aabn | a|a d
040 ## - CATALOGING SOURCE
- Original cataloging agency: OSt
- Transcribing agency: OSt
100 ## - HEADING--PERSONAL NAME
- Personal name: Sun, Yue.
- Relator term: author.
670 ## - SOURCE DATA FOUND
- Source citation: Work cat.: (OSt): Chen, Fengwei. author. 53976, Dynamic reduced-order modeling of wireless power transfer systems via polynomial approximation /, July 2022.
